Film dont le titre commence par un V (3) - Statistiques

Statistiques générales
  • Ce quiz a été pris 5 fois
  • Le résultat moyen est 9 sur 30
Statistiques - réponses
Année Réalisateur Genre 1 acteur ou
1 actrice
Titre % Correct
2009 Marcus Nispel Epouvante Bob King Vendredi 13
60%
2009 Todd Philips Comédie Bradley Cooper Very bad trip
60%
1938 Jacques Daroy Policier André Brulé Vidocq
60%
2000 Pitof Thriller Gérard Depardieu Vidocq
60%
1983 François Truffaut Comédie Fanny Ardant Vivement dimanche
60%
1989 Milos Forman Comédie dramatique Colin Firth Valmont
40%
1999 Roland Joffé Comédie dramatique Gérard Depardieu Vatel
40%
1954 Robert Aldrich Western Burt Lancaster Vera Cruz
40%
1974 Luchino Visconti Comédie dramatique Burt Lancaster Violence et passion
40%
1965 Louis Malle Comédie Brigitte Bardot Viva Maria
40%
2005 Paul Greengrass Drame Gary Commock Vol 93
40%
1941 Maurice tourneur Comédie Harry Baur Volpone
40%
1944 Robert Siodmak Comédie dramatique Gene Kelly Vacances de Noël
20%
1953 William Wyler Comédie Audrey Hepburn Vacances romaines
20%
2010 Garry Marshall Comédie Erin Matthews Valentine's day
20%
1978 Nicole de Buron Comédie Annie Girardot Vas y Maman
20%
1939 John Stahl Drame psychologique Charles Boyer Veillée d'amour
20%
2008 Pierre Schoeller Drame Guillaume Depardieu Versailles
20%
1962 Louis Malle Drame psychologique Brigitte Bardot Vie privée
20%
1935 Howard Hawks Aventures Edward G. Robinson Ville sans loi
20%
2004 Philippe De Broca Comédie dramatique Denis Podalydès Vipère au poing
20%
2018 Chanya Button Biographie Gemma Arterton Vita et Virginia
20%
2019 Lorcan Finnegan Epouvante Imogen Poots Vivarium
20%
1983 Gérard Mordillat Comédie dramatique François Cluzet Vive la sociale
20%
1943 George Sanders Drame Charles Laughton Vivre libre
20%
1981 Carlos Saura Drame André Falcon Vivre vite
20%
2019 Christophe Karabache Drame Dario Argento Vortex
20%
1955 Pierre Chevalier Comédie Eddie Constantine Vous pigez
20%
1999 Serge Meynard Comédie dramatique Audrey Tautou Voyous voyelles
20%
2013 Martin Provost Biographie Emmanuelle Devos Violette Leduc
0%
Aucun quiz correspondant
Distribution des résultats
% des personnes avec chaque résultat
Percentile par nombre de réponses
Votre historique - résultats
Vous n’avez pas pris ce quiz